Hindi Sahitya Paryavaran Samskrati Evam Anusandhan: (Record no. 228900)
[ view plain ]
| 000 -LEADER | |
|---|---|
| fixed length control field | 01871nam a22002657a 4500 |
| 005 - DATE AND TIME OF LATEST TRANSACTION | |
| control field | 20231003122824.0 |
| 008 - FIXED-LENGTH DATA ELEMENTS--GENERAL INFORMATION | |
| fixed length control field | 230929b ||||| |||| 00| 0 eng d |
| 020 ## - INTERNATIONAL STANDARD BOOK NUMBER | |
| International Standard Book Number | 9789356380400 |
| 040 ## - CATALOGING SOURCE | |
| Transcribing agency | AL |
| 041 ## - LANGUAGE CODE | |
| Language code of text/sound track or separate title | hin |
| 082 ## - DEWEY DECIMAL CLASSIFICATION NUMBER | |
| Edition number | 23 |
| Classification number | H891.4 |
| Item number | DODH |
| 100 ## - MAIN ENTRY--PERSONAL NAME | |
| Personal name | N M Dodiya: एन एम डोडिया |
| 100 ## - MAIN ENTRY--PERSONAL NAME | |
| 9 (RLIN) | 135867 |
| 245 ## - TITLE STATEMENT | |
| Title | Hindi Sahitya Paryavaran Samskrati Evam Anusandhan: |
| Remainder of title | हिन्दी साहित्य पर्यावरण संस्कृति एवं अनुसंधान Vol 3 |
| 260 ## - PUBLICATION, DISTRIBUTION, ETC. | |
| Place of publication, distribution, etc. | Jaipur |
| Name of publisher, distributor, etc. | Mark Publishers |
| Date of publication, distribution, etc. | 2023 |
| 300 ## - PHYSICAL DESCRIPTION | |
| Extent | iv,236p. |
| Other physical details | HB |
| Dimensions | 24x16cm. |
| 365 ## - TRADE PRICE | |
| Source of price type code | Hindi |
| Price type code | 1526A/P/2020 |
| Price amount | 1260.00 |
| Currency code | ₹ |
| Unit of pricing | 1800.00 |
| Price note | 30% |
| Price effective from | 11-09-2023 |
| 440 ## - SERIES STATEMENT/ADDED ENTRY--TITLE | |
| Number of part/section of a work | Vol 3 |
| 9 (RLIN) | 135440 |
| 520 ## - SUMMARY, ETC. | |
| Summary, etc. | प्रागैतिहासिक सभ्यता एवं संस्कृति <br/>सिन्धु घाटी सभ्यता एवं संस्क्रति <br/>वैदिक सभ्यता एवं संस्क्रति <br/>सूत्र एवं महाकाव्य कालीन सभ्यता एवं संस्कृति <br/>मौर्यकालीन सभ्यता एवं संस्कृति <br/>गुप्तकालीन सभ्यता एवं संस्कृति |
| 650 ## - SUBJECT ADDED ENTRY--TOPICAL TERM | |
| Topical term or geographic name entry element | Vaidhik Sabhyata Evam Samskrati: वैदिक सभ्यता एवं संस्क्रति |
| 9 (RLIN) | 135493 |
| 650 ## - SUBJECT ADDED ENTRY--TOPICAL TERM | |
| Topical term or geographic name entry element | Maurykaleen Sabhyata Evam Samskrati: मौर्यकालीन सभ्यता एवं संस्कृति |
| 9 (RLIN) | 135494 |
| 650 ## - SUBJECT ADDED ENTRY--TOPICAL TERM | |
| Topical term or geographic name entry element | Guptakaleen Sabhyata Evam Samskrati: गुप्तकालीन सभ्यता एवं संस्कृति |
| 9 (RLIN) | 135495 |
| 650 ## - SUBJECT ADDED ENTRY--TOPICAL TERM | |
| Topical term or geographic name entry element | Hindi Prose: हिंदी गध्य |
| 9 (RLIN) | 135496 |
| 700 ## - ADDED ENTRY--PERSONAL NAME | |
| Personal name | DODIYA (N M): डोडिया (एन एम) |
| 9 (RLIN) | 135445 |
| 942 ## - ADDED ENTRY ELEMENTS (KOHA) | |
| Source of classification or shelving scheme | Dewey Decimal Classification |
| Koha item type | Book |
| Withdrawn status | Lost status | Source of classification or shelving scheme | Damaged status | Not for loan | Collection code | Home library | Current library | Date acquired | Source of acquisition | Cost, normal purchase price | Total Checkouts | Full call number | Barcode | Date last seen | Cost, replacement price | Price effective from | Koha item type |
|---|---|---|---|---|---|---|---|---|---|---|---|---|---|---|---|---|---|
| Dewey Decimal Classification | Reference Book | Hindi | St Aloysius Library | St Aloysius Library | 09/27/2023 | Alka Prakashana, Kanpur-208007 | 1260.00 | H891.4 DODH | 076830 | 09/29/2023 | 1800.00 | 09/29/2023 | Book |